[Event "España tch - Primera División Grupo 1"]
[Site "Burguillos ESP"]
[Date "2008.08.13"]
[Round "1.11"]
[White "Dolezal, Cristian"]
[Black "Macieja, Bartlomiej"]
[Result "0-1"]
[WhiteElo "2435"]
[BlackElo "2606"]
[PlyCount "71"]
[EventDate "2008.08.13"]
[EventType "team"]
[EventCountry "ESP"]
[Source "lmi"]
[SourceDate "2008.08.13"]

1. b3 c5 2. Bb2 d5 3. e3 Nf6 4. Nf3 Nc6 5. Bb5 Bd7 6. O-O Rc8 7. d3 e6 8. Nbd2
Be7 9. Bxc6 Bxc6 10. Ne5 O-O 11. f4 d4 12. e4 Be8 13. a4 Nd7 14. Qg4 f5 15. Qh3
Nxe5 16. fxe5 g6 17. Nc4 Bc6 18. Rae1 Qd7 19. exf5 Rxf5 20. Rxf5 exf5 21. Bc1
Re8 22. Bf4 Bd5 23. Re2 Bf8 24. Qg3 Re6 25. Qe1 Bxc4 26. dxc4 d3 27. cxd3 Qxd3
28. Re3 Qd4 29. g3 Be7 30. Qb1 g5 31. Qxf5 Rg6 32. Kg2 gxf4 33. Rf3 fxg3 34.
hxg3 Qd2+ 35. Rf2 Qg5 36. Qc8+ 0-1

[Event "España tch - Primera División Grupo 1"]
[Site "Burguillos ESP"]
[Date "2008.08.13"]
[Round "1.12"]
[White "Wojtaszek, Radoslaw"]
[Black "Calvo Alfonso, Vicente"]
[Result "1-0"]
[WhiteElo "2593"]
[BlackElo "2185"]
[PlyCount "60"]
[EventDate "2008.08.13"]
[EventType "team"]
[EventCountry "ESP"]
[Source "lmi"]
[SourceDate "2008.08.13"]

1. d4 Nf6 2. c4 c5 3. Nf3 cxd4 4. Nxd4 b6 5. Nc3 Bb7 6. f3 d6 7. e4 Nbd7 8. Be3
a6 9. Qd2 e6 10. Be2 Be7 11. O-O O-O 12. Rfd1 Qc7 13. Rac1 Rac8 14. Bf1 Kh8 15.
Qf2 Rg8 16. b4 g5 17. h3 Rg6 18. Nd5 exd5 19. cxd5 Qd8 20. Rxc8 Qxc8 21. Rc1
Nc5 22. bxc5 dxc5 23. Qb2 Nd7 24. Nf5+ Bf6 25. Qf2 Qf8 26. a4 h5 27. h4 gxh4
28. Nxh4 Rg8 29. Nf5 a5 30. f4 Bc8 1-0

[Event "España tch - Primera División Grupo 1"]
[Site "Burguillos ESP"]
[Date "2008.08.13"]
[Round "1.13"]
[White "Penades Ordaz, Victor"]
[Black "Arizmendi Martinez, Julen Luis"]
[Result "1/2-1/2"]
[WhiteElo "2172"]
[BlackElo "2524"]
[PlyCount "75"]
[EventDate "2008.08.13"]
[EventType "team"]
[EventCountry "ESP"]
[Source "lmi"]
[SourceDate "2008.08.13"]

1. e4 c5 2. Nf3 d6 3. c4 Bg4 4. d4 cxd4 5. Qxd4 Bxf3 6. gxf3 Nc6 7. Qd2 g6 8.
b3 Bg7 9. Nc3 Nf6 10. Bb2 O-O 11. Be2 Qa5 12. O-O-O Nh5 13. Kb1 Nf4 14. Qxf4
Bxc3 15. Bxc3 Qxc3 16. h4 a5 17. Qc1 Qxc1+ 18. Kxc1 Rfd8 19. f4 e5 20. fxe5
dxe5 21. Rd5 Nd4 22. Bd1 f6 23. Rf1 Ne6 24. Rb5 a4 25. bxa4 Rdc8 26. Bb3 Nc5
27. Rd1 Ra6 28. f3 Kg7 29. Rd5 Rac6 30. Kd2 R8c7 31. Ke3 Ne6 32. a5 h5 33. Rb6
Kh6 34. Rxc6 Rxc6 35. Rd7 Nc5 36. Rd5 Ne6 37. Rd7 Nc5 38. Rd5 1/2-1/2

[Event "España tch - Primera División Grupo 1"]
[Site "Burguillos ESP"]
[Date "2008.08.13"]
[Round "1.14"]
[White "Ibanez Aullana, Jose Ramon"]
[Black "Martinez Villar, Jesus"]
[Result "1/2-1/2"]
[WhiteElo "2301"]
[BlackElo "2142"]
[PlyCount "124"]
[EventDate "2008.08.13"]
[EventType "team"]
[EventCountry "ESP"]
[Source "lmi"]
[SourceDate "2008.08.13"]

1. e4 c5 2. Nf3 e6 3. d4 cxd4 4. Nxd4 a6 5. c4 Nf6 6. Nc3 Qc7 7. f4 Bb4 8. Bd3
b5 9. e5 bxc4 10. exf6 cxd3 11. fxg7 Rg8 12. Qxd3 Rxg7 13. O-O Bb7 14. Rf2 Nc6
15. Be3 f5 16. Rc1 Kf7 17. Qc4 Rag8 18. g3 Qa5 19. a3 Bxc3 20. Rxc3 Ne7 21. Nf3
Qd5 22. Qxd5 Nxd5 23. Rb3 Ba8 24. Bd4 Nxf4 25. Ne5+ Ke7 26. Rxf4 d6 27. Nd3 e5
28. Nxe5 dxe5 29. Bxe5 Rf7 30. Rb6 Rg6 31. Rfb4 f4 32. Rxg6 hxg6 33. Bxf4 Rf5
34. Rb6 Rb5 35. Rxb5 axb5 36. Kf2 Ke6 37. Ke3 Kf5 38. Kd4 Bc6 39. h4 Be8 40. b3
Ke6 41. Kc5 Ke7 42. g4 Kd8 43. Kd6 Bf7 44. b4 Bb3 45. g5 Ke8 46. Be5 Kf7 47.
Bd4 Bd1 48. Kc5 Ba4 49. Bc3 Kg8 50. Kd6 Kf7 51. Kc6 Kg8 52. Kd6 Kf7 53. Kc5 Kg8
54. Kd4 Kf7 55. Ke3 Bb3 56. Kf4 Ba4 57. Kg4 Bb3 58. h5 Bd1+ 59. Kh4 gxh5 60. a4
Bxa4 61. Kxh5 Kg8 62. Kg6 Bd1 1/2-1/2

[Event "España tch - Primera División Grupo 1"]
[Site "Burguillos ESP"]
[Date "2008.08.13"]
[Round "1.21"]
[White "Babula, Vlastimil"]
[Black "De La Cruz Sanchez, Carlos G."]
[Result "1-0"]
[WhiteElo "2597"]
[BlackElo "2266"]
[PlyCount "51"]
[EventDate "2008.08.13"]
[EventType "team"]
[EventCountry "ESP"]
[Source "lmi"]
[SourceDate "2008.08.13"]

1. d4 Nf6 2. c4 g6 3. Nc3 Bg7 4. e4 d6 5. Nf3 O-O 6. Be2 e5 7. O-O Na6 8. Re1
exd4 9. Nxd4 Re8 10. Bf1 Ng4 11. f3 Nxh2 12. Kxh2 Qh4+ 13. Kg1 Be5 14. f4 Bxd4+
15. Qxd4 Qxe1 16. Nd5 Re6 17. f5 gxf5 18. exf5 Qe5 19. Qf2 Re8 20. Bd2 c6 21.
Re1 cxd5 22. Rxe5 Rxe5 23. Qg3+ Kf8 24. Bc3 Bd7 25. Bxe5 dxe5 26. f6 1-0

[Event "España tch - Primera División Grupo 1"]
[Site "Burguillos ESP"]
[Date "2008.08.13"]
[Round "1.22"]
[White "Hernandez Leon, Alberto"]
[Black "Jansa, Vlastimil"]
[Result "0-1"]
[WhiteElo "2236"]
[BlackElo "2485"]
[PlyCount "68"]
[EventDate "2008.08.13"]
[EventType "team"]
[EventCountry "ESP"]
[Source "lmi"]
[SourceDate "2008.08.13"]

1. d4 Nf6 2. Nf3 g6 3. c4 Bg7 4. Nc3 d5 5. Bg5 dxc4 6. e3 Be6 7. Ne5 Nd5 8.
Nxc4 O-O 9. Be2 c5 10. O-O cxd4 11. exd4 Nc6 12. Be3 Rc8 13. Na3 Qb6 14. Na4
Qb4 15. Nc5 Nxe3 16. fxe3 Nxd4 17. Nd3 Nxe2+ 18. Qxe2 Qb6 19. Rf2 Rfd8 20. Nf4
Rd6 21. Kh1 Qc6 22. Nb5 Bc4 23. Nxd6 Bxe2 24. Nxc8 Qxc8 25. Rxe2 Be5 26. Rf1
Qc4 27. b3 Qe4 28. Kg1 g5 29. Nh3 Qh4 30. Rf5 f6 31. Ref2 e6 32. Rxf6 Bxf6 33.
Rxf6 g4 34. Rf4 e5 0-1

[Event "España tch - Primera División Grupo 1"]
[Site "Burguillos ESP"]
[Date "2008.08.13"]
[Round "1.23"]
[White "Martinez Martin, David"]
[Black "Perez Felipe, Marcos Adrian"]
[Result "1-0"]
[WhiteElo "2415"]
[BlackElo "2226"]
[PlyCount "105"]
[EventDate "2008.08.13"]
[EventType "team"]
[EventCountry "ESP"]
[Source "lmi"]
[SourceDate "2008.08.13"]

1. e4 c5 2. Nc3 Nc6 3. Nf3 e6 4. d4 cxd4 5. Nxd4 d6 6. Be3 Nf6 7. Be2 Be7 8. g4
a6 9. g5 Nd7 10. h4 Qc7 11. h5 b5 12. a3 Nce5 13. Rg1 g6 14. f4 Nc4 15. Bxc4
Qxc4 16. Nb3 Rg8 17. Qd3 Qxd3 18. cxd3 Nc5 19. Nc1 Bb7 20. b4 Na4 21. Nxa4 bxa4
22. Ne2 gxh5 23. Nd4 Kd7 24. Rh1 h6 25. Rxh5 hxg5 26. fxg5 Rg7 27. Kd2 Rag8 28.
Rf1 Ke8 29. Rc1 Kd7 30. Rf1 Ke8 31. Nf3 Kd7 32. Bd4 e5 33. Be3 Ke6 34. Nh4 Rxg5
35. Bxg5 Bxg5+ 36. Ke2 d5 37. Rg1 f6 38. Rh7 dxe4 39. Rxb7 exd3+ 40. Kf3 Rh8
41. Rb6+ Kd5 42. Nf5 e4+ 43. Kg4 Re8 44. Rd1 Re5 45. b5 Kc5 46. Rc6+ Kxb5 47.
Nd4+ Ka5 48. Rb1 Be3 49. Rc4 Bxd4 50. Rxd4 f5+ 51. Kf4 Rc5 52. Rbb4 Rc3 53.
Rd5+ 1-0

[Event "España tch - Primera División Grupo 1"]
[Site "Burguillos ESP"]
[Date "2008.08.13"]
[Round "1.24"]
[White "Majul, Isolina"]
[Black "Antoli Royo, Joaquin Miguel"]
[Result "1-0"]
[WhiteElo "2150"]
[BlackElo "2441"]
[PlyCount "97"]
[EventDate "2008.08.13"]
[EventType "team"]
[EventCountry "ESP"]
[Source "lmi"]
[SourceDate "2008.08.13"]

1. e4 c5 2. Nf3 Nc6 3. d4 cxd4 4. Nxd4 Qc7 5. Nc3 e6 6. a3 a6 7. Be2 Nf6 8. Be3
Ne5 9. O-O b5 10. Bf4 d6 11. Nf3 Bb7 12. Re1 Be7 13. Nxe5 dxe5 14. Bg3 O-O 15.
Bd3 Rac8 16. Qe2 Nd7 17. Qh5 Bc5 18. Kh1 Bd4 19. Rad1 Qc6 20. Bf1 Nf6 21. Qh4
Bxc3 22. bxc3 Qxc3 23. Bd3 Nd7 24. f4 Nc5 25. fxe5 Nxd3 26. cxd3 Rcd8 27. Re3
Rd7 28. Bf4 Qc2 29. Qg4 f5 30. exf6 Rxf6 31. g3 Qc5 32. h4 Rg6 33. Qe2 e5 34.
Qa2+ Kh8 35. d4 exd4 36. Ree1 h6 37. Kh2 Qh5 38. e5 Bd5 39. Qc2 Rf7 40. Rxd4
Be6 41. Qe2 Rg4 42. Bc1 Qg6 43. Rxg4 Bxg4 44. Qd2 Qe6 45. Bb2 Rd7 46. Qe3 Qa2
47. Qf2 Rd3 48. e6 Rd8 49. Bxg7+ 1-0

[Event "España tch - Primera División Grupo 1"]
[Site "Burguillos ESP"]
[Date "2008.08.13"]
[Round "1.31"]
[White "Garcia Molla, Victor"]
[Black "Borisek, Jure"]
[Result "0-1"]
[WhiteElo "2301"]
[BlackElo "2537"]
[PlyCount "90"]
[EventDate "2008.08.13"]
[EventType "team"]
[EventCountry "ESP"]
[Source "lmi"]
[SourceDate "2008.08.13"]

1. d4 Nf6 2. c4 g6 3. Nc3 d5 4. Nf3 Bg7 5. e3 O-O 6. cxd5 Nxd5 7. Bc4 Nxc3 8.
bxc3 c5 9. O-O Qc7 10. Qe2 Bg4 11. Ba3 Nd7 12. Rac1 Nb6 13. Bd3 c4 14. Be4 f5
15. Bb1 Nd5 16. h3 Bh5 17. Qb2 Bxf3 18. gxf3 Rf6 19. Qe2 Rc8 20. Rc2 e5 21. Bc5
exd4 22. Bxd4 Re6 23. Qd2 Rd8 24. Rd1 Ne7 25. a4 a6 26. Ba2 b5 27. axb5 axb5
28. Rb2 Qa5 29. Rdb1 Ra6 30. Ra1 Kf8 31. Rbb1 Qb6 32. Rxb5 Qxb5 33. Bxg7+ Ke8
34. Qe2 Rda8 35. Kg2 Qc5 36. Bd4 Qc7 37. e4 f4 38. Qb2 Rb8 39. Qe2 Rba8 40. Qb2
Qc6 41. Qe2 Kf8 42. Qb2 Ra5 43. Qb4 Rb5 44. Qxc4 Qxc4 45. Bxc4 Rg5+ 0-1

[Event "España tch - Primera División Grupo 1"]
[Site "Burguillos ESP"]
[Date "2008.08.13"]
[Round "1.32"]
[White "Perez Garcia, Rodney"]
[Black "Plaza Pardo, Daniel"]
[Result "1-0"]
[WhiteElo "2432"]
[BlackElo "2207"]
[PlyCount "85"]
[EventDate "2008.08.13"]
[EventType "team"]
[EventCountry "ESP"]
[Source "lmi"]
[SourceDate "2008.08.13"]

1. e4 c5 2. Nf3 Nc6 3. Bb5 e6 4. O-O Nge7 5. b3 Ng6 6. Bb2 f6 7. Bxc6 bxc6 8.
e5 f5 9. d3 Be7 10. Nc3 Ba6 11. Qe1 O-O 12. Ba3 Bb5 13. Nd1 Qc7 14. Nb2 Rae8
15. c4 Ba6 16. Na4 d6 17. exd6 Bxd6 18. Bxc5 e5 19. Rd1 h6 20. Bxd6 Qxd6 21.
Qa5 Bc8 22. Rfe1 Rf7 23. Qc5 Qf6 24. Nc3 Rfe7 25. Re3 Nf4 26. Ne2 Ng6 27. Nc3
Kh7 28. Rde1 Re6 29. d4 e4 30. d5 Rd6 31. Nd4 Nf4 32. Ne6 Rdxe6 33. dxe6 Nd3
34. Qxc6 Qxe6 35. Qxe6 Rxe6 36. Rxd3 exd3 37. Rxe6 Bxe6 38. f3 f4 39. Kf2 g5
40. Ke1 Bf5 41. Kd2 Kg7 42. Ne4 g4 43. Nd6 1-0

[Event "España tch - Primera División Grupo 1"]
[Site "Burguillos ESP"]
[Date "2008.08.13"]
[Round "1.33"]
[White "Barbera Estelles, Rosendo"]
[Black "Recuero Guerra, Javier"]
[Result "0-1"]
[WhiteElo "2198"]
[BlackElo "2331"]
[PlyCount "140"]
[EventDate "2008.08.13"]
[EventType "team"]
[EventCountry "ESP"]
[Source "lmi"]
[SourceDate "2008.08.13"]

1. e4 c5 2. Nc3 e6 3. f4 Nc6 4. Nf3 Nge7 5. g3 d5 6. d3 g6 7. Bg2 Bg7 8. O-O
O-O 9. e5 Rb8 10. Kh1 b5 11. d4 cxd4 12. Nxd4 b4 13. Nce2 Ba6 14. Be3 Qc7 15.
Nxc6 Nxc6 16. Bc5 Rfd8 17. Bd6 Rxd6 18. exd6 Qxd6 19. Rb1 Qc5 20. Re1 Qf2 21.
Ng1 Nd4 22. c3 Nc2 23. Re2 Bxe2 24. Qxc2 bxc3 25. b3 Rc8 26. Nxe2 d4 27. Rd1
Rc5 28. Qd3 f5 29. b4 Rc7 30. b5 Rc5 31. a4 c2 32. Rf1 Qe3 33. Qxe3 dxe3 34.
Bf3 Bb2 35. Nc1 Rc3 36. a5 Ra3 37. b6 Rxa5 38. b7 Rb5 39. Kg2 Ba3 40. Nd3 Rb1
41. Nc1 Kf8 42. g4 Ke7 43. Nd3 Bd6 44. gxf5 gxf5 45. Rc1 Rxc1 46. Nxc1 Kd7 47.
Nb3 Kc7 48. Kf1 Ba3 49. Ke2 c1=Q 50. Nxc1 Bxc1 51. Kd3 e2 52. Kxe2 Bxf4 53. h3
Kd8 54. Kd3 Bb8 55. Kc4 e5 56. Bd5 Ke7 57. Kc5 e4 58. Kd4 Kf6 59. h4 h6 60. Bc6
a5 61. Bb5 Ke6 62. Bc4+ Kd6 63. Bf7 Ba7+ 64. Kc3 f4 65. Kd2 f3 66. Bh5 Ke5 67.
Be8 Kf4 68. Bc6 e3+ 69. Kd3 e2 70. Kd2 Kg3 0-1

[Event "España tch - Primera División Grupo 1"]
[Site "Burguillos ESP"]
[Date "2008.08.13"]
[Round "1.34"]
[White "Andres Gonzalez, Ivan"]
[Black "Torres Garrigos, David"]
[Result "1-0"]
[WhiteElo "2314"]
[BlackElo "2180"]
[PlyCount "91"]
[EventDate "2008.08.13"]
[EventType "team"]
[EventCountry "ESP"]
[Source "lmi"]
[SourceDate "2008.08.13"]

1. e4 g6 2. d4 Bg7 3. Nc3 Nc6 4. Nf3 d6 5. Bc4 Nf6 6. O-O O-O 7. d5 Nb8 8. h3
c6 9. Bb3 Qc7 10. Re1 Nbd7 11. Bf4 Ne5 12. Nxe5 dxe5 13. Bg5 Rd8 14. Qe2 Ne8
15. Rad1 Nd6 16. dxc6 bxc6 17. Na4 c5 18. c4 Bb7 19. f3 f5 20. Qf2 fxe4 21.
Nxc5 e3 22. Bxe3 Bc8 23. Bg5 Kh8 24. Ne4 Nf5 25. Qc5 Qxc5+ 26. Nxc5 Rxd1 27.
Rxd1 h6 28. Rd8+ Kh7 29. Bd2 e4 30. Nxe4 Bxb2 31. Be1 Bb7 32. Rd2 Ba3 33. Bf2
Bc6 34. c5 Rc8 35. g4 Ng7 36. Bd5 Bb5 37. Rc2 Bd3 38. Rc3 Bxe4 39. Bxe4 Bb4 40.
Rc4 a5 41. Bb7 Rc7 42. c6 Ne6 43. Bb6 Kg7 44. Kf1 Kf6 45. Re4 Bd6 46. Bxa5 1-0

[Event "España tch - Primera División Grupo 1"]
[Site "Burguillos ESP"]
[Date "2008.08.13"]
[Round "1.41"]
[White "Teran Alvarez, Ismael"]
[Black "Martinez Lozano, Miguel Angel"]
[Result "1-0"]
[WhiteElo "2442"]
[BlackElo "2196"]
[PlyCount "83"]
[EventDate "2008.08.13"]
[EventType "team"]
[EventCountry "ESP"]
[Source "lmi"]
[SourceDate "2008.08.13"]

1. e4 c5 2. Nc3 a6 3. Nf3 d6 4. g3 Nf6 5. Bg2 Nc6 6. O-O e5 7. d3 h6 8. h3 Be6
9. Nd2 Be7 10. Nc4 Bxc4 11. dxc4 Nd4 12. Qd3 O-O 13. Nd1 b5 14. c3 bxc4 15.
Qxc4 Nc6 16. Ne3 Qb6 17. Qe2 Qb5 18. Qf3 Na5 19. Rd1 Rfd8 20. Nf5 Qb7 21. Rb1
Rac8 22. Bf1 Rc6 23. b4 cxb4 24. cxb4 Nc4 25. a4 Rcc8 26. Qb3 Nb6 27. Bxa6 Qxa6
28. Nxe7+ Kf8 29. Nxc8 Qxc8 30. Be3 Qa6 31. Bxb6 Qxb6 32. Qc4 Qb7 33. Re1 Rc8
34. Qd3 d5 35. exd5 e4 36. Qd4 Qxd5 37. Qxd5 Nxd5 38. Rbc1 Re8 39. b5 f5 40. a5
Nb4 41. Rc3 Re5 42. a6 1-0

[Event "España tch - Primera División Grupo 1"]
[Site "Burguillos ESP"]
[Date "2008.08.13"]
[Round "1.42"]
[White "Martin Garcia, Juan Miguel"]
[Black "Razmyslov, Alexander"]
[Result "0-1"]
[WhiteElo "2153"]
[BlackElo "2387"]
[PlyCount "52"]
[EventDate "2008.08.13"]
[EventType "team"]
[EventCountry "ESP"]
[Source "lmi"]
[SourceDate "2008.08.13"]

1. Nf3 c5 2. c4 Nc6 3. Nc3 g6 4. g3 Bg7 5. Bg2 a6 6. a3 Rb8 7. Rb1 b5 8. cxb5
axb5 9. b4 cxb4 10. axb4 d5 11. Qb3 Nf6 12. d3 Bg4 13. e3 O-O 14. h3 Bf5 15.
Ne2 e5 16. O-O Ne8 17. g4 Be6 18. d4 e4 19. Nd2 Bh6 20. f3 exf3 21. Nxf3 Nd6
22. Nf4 Nc4 23. Qd3 Qd6 24. Bd2 Ra8 25. g5 Bg7 26. Kh1 Bf5 0-1

[Event "España tch - Primera División Grupo 1"]
[Site "Burguillos ESP"]
[Date "2008.08.13"]
[Round "1.43"]
[White "Barrero Garcia, Carlos"]
[Black "Campayo Hernandez, Juan"]
[Result "1-0"]
[WhiteElo "2339"]
[BlackElo "2123"]
[PlyCount "77"]
[EventDate "2008.08.13"]
[EventType "team"]
[EventCountry "ESP"]
[Source "lmi"]
[SourceDate "2008.08.13"]

1. d4 d5 2. c4 e6 3. Nc3 c6 4. e3 Nf6 5. Nf3 Nbd7 6. Qc2 a6 7. Bd2 Bd6 8. g4 h6
9. Rg1 Qe7 10. h4 Bb4 11. O-O-O dxc4 12. e4 Bxc3 13. Bxc3 b5 14. g5 hxg5 15.
hxg5 Nh5 16. d5 c5 17. g6 fxg6 18. dxe6 Nf8 19. Bxc4 Bxe6 20. Bd5 O-O-O 21. Ne5
Bxd5 22. exd5 Qc7 23. d6 Rxd6 24. Qe4 Kb8 25. Rxd6 Qxd6 26. Nf7 Qf4+ 27. Qxf4+
Nxf4 28. Be5+ Kc8 29. Bxf4 Rh5 30. Bd6 Nd7 31. f4 Nf6 32. Be5 Nd5 33. Rxg6 Nb4
34. Rxg7 Nd3+ 35. Kd2 Nxe5 36. fxe5 Kd7 37. Ng5+ Ke8 38. Nf3 Rh6 39. Ke3 1-0

[Event "España tch - Primera División Grupo 1"]
[Site "Burguillos ESP"]
[Date "2008.08.13"]
[Round "1.44"]
[White "Sanchez Sanchez, Alberto"]
[Black "Reales Murto, Manuel Jose"]
[Result "0-1"]
[WhiteElo "2076"]
[BlackElo "2281"]
[PlyCount "61"]
[EventDate "2008.08.13"]
[EventType "team"]
[EventCountry "ESP"]
[Source "lmi"]
[SourceDate "2008.08.13"]

1. e4 e6 2. d3 d5 3. Nd2 c5 4. Ngf3 Nc6 5. c3 g6 6. g3 Bg7 7. Bg2 Nge7 8. O-O
h6 9. Re1 b6 10. Qa4 O-O 11. Nf1 d4 12. cxd4 cxd4 13. e5 Rb8 14. N1d2 Qd7 15.
b3 Rd8 16. Qc4 g5 17. Ba3 b5 18. Qc5 Ng6 19. Re4 Ba6 20. Bb2 b4 21. Nxd4 Ncxe5
22. Bf1 Nxd3 23. Qc2 Nxb2 24. Bxa6 Bxd4 25. Nf3 Bg7 26. Ree1 g4 27. Nh4 Nxh4
28. gxh4 Qd2 29. Qe4 Nd3 30. Re2 Qf4 31. Bxd3 0-1

[Event "España tch - Primera División Grupo 1"]
[Site "Burguillos ESP"]
[Date "2008.08.13"]
[Round "1.51"]
[White "Jimenez Villena, Francisco Jose"]
[Black "Cramling, Pia"]
[Result "1/2-1/2"]
[WhiteElo "2274"]
[BlackElo "2544"]
[PlyCount "53"]
[EventDate "2008.08.13"]
[EventType "team"]
[EventCountry "ESP"]
[Source "lmi"]
[SourceDate "2008.08.13"]

1. Nf3 c5 2. c4 b6 3. g3 Bb7 4. Bg2 g6 5. d4 cxd4 6. Qxd4 Nf6 7. Nc3 Bg7 8. O-O
d6 9. Rd1 Nbd7 10. Qh4 Rc8 11. b3 h6 12. Be3 a6 13. Rac1 Rc7 14. Nd4 g5 15. Qh3
g4 16. Qh4 Bxg2 17. Nf5 Bf8 18. Kxg2 Rc6 19. h3 e6 20. Nd4 gxh3+ 21. Qxh3 Rc7
22. Kg1 Be7 23. Qg2 Qc8 24. Ne4 Nxe4 25. Qxe4 Nf6 26. Qf3 Qb7 27. Qxb7 1/2-1/2

[Event "España tch - Primera División Grupo 1"]
[Site "Burguillos ESP"]
[Date "2008.08.13"]
[Round "1.52"]
[White "Paz Ladron De Guevara, Daniel"]
[Black "Tudela Corbalan, Carlos"]
[Result "0-1"]
[WhiteElo "2356"]
[BlackElo "2191"]
[PlyCount "50"]
[EventDate "2008.08.13"]
[EventType "team"]
[EventCountry "ESP"]
[Source "lmi"]
[SourceDate "2008.08.13"]

1. e4 g6 2. Nc3 Bg7 3. Nge2 c6 4. d4 d6 5. Be3 Nd7 6. Qd2 b5 7. f3 Bb7 8. h4 h5
9. g3 a6 10. Bh3 Nb6 11. b3 Qc7 12. a4 b4 13. Na2 a5 14. c3 bxc3 15. Naxc3 Nf6
16. Rc1 Ba6 17. Kf2 Qb7 18. Rc2 O-O 19. Bh6 Nbd7 20. Bxg7 Kxg7 21. g4 hxg4 22.
fxg4 c5 23. Ng3 cxd4 24. Qg5 Nh7 25. Nf5+ Kh8 0-1

[Event "España tch - Primera División Grupo 1"]
[Site "Burguillos ESP"]
[Date "2008.08.13"]
[Round "1.53"]
[White "Ibarra Jerez, Juan Miguel"]
[Black "Perez Pardo, Juan Carlos"]
[Result "1-0"]
[WhiteElo "2186"]
[BlackElo "2300"]
[PlyCount "115"]
[EventDate "2008.08.13"]
[EventType "team"]
[EventCountry "ESP"]
[Source "lmi"]
[SourceDate "2008.08.13"]

1. e4 c5 2. Nf3 d6 3. d4 cxd4 4. Nxd4 e6 5. Nc3 a6 6. Be3 b5 7. a4 b4 8. Na2
Nf6 9. f3 d5 10. e5 Nfd7 11. f4 Bc5 12. Qd2 a5 13. Nc1 O-O 14. Ncb3 Bb6 15. Bb5
Ba6 16. O-O Nc5 17. Nxc5 Bxc5 18. f5 Bxb5 19. axb5 exf5 20. Nxf5 Qg5 21. Rad1
Nd7 22. Bxc5 Qxd2 23. Rxd2 Nxc5 24. Rxd5 Na4 25. b3 Nc3 26. Rc5 Ne4 27. Rc7
Rab8 28. Ne7+ Kh8 29. Nc6 Rxb5 30. Rfxf7 Rg8 31. Rf4 Ng5 32. Rc4 Re8 33. h4 Ne6
34. Re7 Rxe7 35. Nxe7 g6 36. Nc6 Kg7 37. Kf2 Kf7 38. Ke3 Ke8 39. h5 gxh5 40.
Ke4 Kd7 41. Nd4 Nxd4 42. Rxd4+ Ke7 43. Rd5 Rb7 44. Rxa5 Rc7 45. Kf5 Rxc2 46.
Ra7+ Kd8 47. Rg7 Rb2 48. Kf6 Rxb3 49. e6 Rb2 50. Rg8+ Kc7 51. e7 Rf2+ 52. Kg7
Rxg2+ 53. Kxh7 Re2 54. e8=Q Rxe8 55. Rxe8 Kd6 56. Rc8 Kd5 57. Kg6 b3 58. Rc3
1-0

[Event "España tch - Primera División Grupo 1"]
[Site "Burguillos ESP"]
[Date "2008.08.13"]
[Round "1.54"]
[White "Naranjo Moreno, Antonio"]
[Black "Garre Murcia, Pedro"]
[Result "1-0"]
[WhiteElo "2286"]
[BlackElo "2171"]
[PlyCount "63"]
[EventDate "2008.08.13"]
[EventType "team"]
[EventCountry "ESP"]
[Source "lmi"]
[SourceDate "2008.08.13"]

1. e4 c5 2. Nf3 e6 3. d4 cxd4 4. Nxd4 a6 5. Bd3 Bc5 6. Nb3 Be7 7. Nc3 Nc6 8.
Be3 Nf6 9. O-O d6 10. f4 Qc7 11. Qf3 Bd7 12. Kh1 Rb8 13. Rae1 b5 14. Qg3 Nh5
15. Qh3 Nf6 16. Qg3 Nh5 17. Qh3 Nf6 18. Bf2 b4 19. Nd1 O-O 20. Nd4 Nxd4 21.
Bxd4 e5 22. fxe5 dxe5 23. Qg3 Ng4 24. h3 Qd6 25. Bg1 Nf6 26. Bh2 Bc6 27. Qxe5
Qd7 28. Qf5 Qb7 29. Bxb8 Qxb8 30. Ne3 Qb7 31. Nc4 g6 32. Qe5 1-0

[Event "España tch - Primera División Grupo 1"]
[Site "Burguillos ESP"]
[Date "2008.08.13"]
[Round "1.61"]
[White "Cabrera, Alexis"]
[Black "Rubio Mejia, Luis Ignacio"]
[Result "1/2-1/2"]
[WhiteElo "2513"]
[BlackElo "2386"]
[PlyCount "94"]
[EventDate "2008.08.13"]
[EventType "team"]
[EventCountry "ESP"]
[Source "lmi"]
[SourceDate "2008.08.13"]

1. e4 c5 2. Nc3 d6 3. f4 Nc6 4. Nf3 g6 5. Bc4 Bg7 6. O-O e6 7. f5 exf5 8. d3 h6
9. Qe1 Nge7 10. Qg3 Ne5 11. Nxe5 dxe5 12. Bb5+ Kf8 13. Qf2 Be6 14. Qxc5 Kg8 15.
Be3 a6 16. Bc4 Rc8 17. Qb4 Nc6 18. Qxb7 Na5 19. Qa7 Nxc4 20. dxc4 Bxc4 21. exf5
Bxf1 22. Rxf1 Qc7 23. Qxa6 Qc6 24. Qe2 Kh7 25. Qg4 e4 26. h4 Rhe8 27. h5 g5 28.
f6 Bf8 29. Rf5 Qe6 30. Kh2 Bc5 31. Nd1 Bd6+ 32. Kh3 Rxc2 33. a4 Bb8 34. a5 Qd6
35. g3 Qe6 36. b4 Rd8 37. Nf2 Rc3 38. Rb5 Rxe3 39. Qxe6 fxe6 40. Rb7+ Kg8 41.
Kg2 Rxg3+ 42. Kf1 Rf3 43. Ke2 Rxf6 44. Ng4 Rf3 45. a6 Ra3 46. Nf6+ Kf8 47. Nh7+
Kg8 1/2-1/2

[Event "España tch - Primera División Grupo 1"]
[Site "Burguillos ESP"]
[Date "2008.08.13"]
[Round "1.62"]
[White "Baigorri Navarro, Francisco Javier"]
[Black "Garcia Roman, Daniel"]
[Result "0-1"]
[WhiteElo "2178"]
[BlackElo "2428"]
[PlyCount "98"]
[EventDate "2008.08.13"]
[EventType "team"]
[EventCountry "ESP"]
[Source "lmi"]
[SourceDate "2008.08.13"]

1. Nf3 Nf6 2. c4 e6 3. g3 b6 4. Bg2 Bb7 5. O-O Be7 6. Nc3 O-O 7. Re1 Bb4 8. Qc2
a5 9. e4 Bxc3 10. bxc3 Na6 11. e5 Ne8 12. Ng5 Qxg5 13. Bxb7 Ra7 14. Be4 f5 15.
Bg2 Qh5 16. d4 g5 17. Ba3 Rf7 18. Qa4 Ng7 19. h3 f4 20. g4 Qh4 21. f3 h5 22. c5
hxg4 23. hxg4 Nb8 24. Reb1 Rb7 25. Qc4 Nc6 26. cxb6 Rxb6 27. Rxb6 cxb6 28. Rb1
Ne8 29. Qe2 Nc7 30. Bd6 Nd5 31. Rc1 Ne3 32. Qf2 Qh6 33. Re1 Rh7 34. Rxe3 fxe3
35. Qxe3 Qh2+ 36. Kf2 Qf4 37. Qd3 Kg7 38. a4 Rh4 39. Ke2 Qg3 40. Kf1 Rh2 41.
Qd2 Qf4 42. Qxf4 gxf4 43. Bc7 Rh8 44. Kg1 Rc8 45. Bxb6 Rb8 46. Bc5 Rb1+ 47. Bf1
Ra1 48. Kf2 Rxa4 49. Bd3 Ra1 0-1

[Event "España tch - Primera División Grupo 1"]
[Site "Burguillos ESP"]
[Date "2008.08.13"]
[Round "1.63"]
[White "Peña Riasco, Alexander"]
[Black "Alvarez Abejon, Amilcar"]
[Result "1-0"]
[WhiteElo "2256"]
[BlackElo "2114"]
[PlyCount "73"]
[EventDate "2008.08.13"]
[EventType "team"]
[EventCountry "ESP"]
[Source "lmi"]
[SourceDate "2008.08.13"]

1. d4 d5 2. c4 c6 3. Nc3 dxc4 4. a4 e5 5. dxe5 Qxd1+ 6. Kxd1 Be6 7. e4 Na6 8.
f4 O-O-O+ 9. Ke2 Bg4+ 10. Nf3 Nb4 11. h3 Nc2 12. Rb1 Nd4+ 13. Kf2 Bxf3 14. gxf3
Bc5 15. Bxc4 Nf5+ 16. Kg2 Ne3+ 17. Bxe3 Bxe3 18. Kg3 Rd2 19. Rhd1 Nh6 20. Rxd2
Bxd2 21. Rd1 Rd8 22. e6 fxe6 23. Bxe6+ Kc7 24. Bb3 Bxc3 25. bxc3 Rxd1 26. Bxd1
b5 27. f5 Kd6 28. f4 a5 29. Kf3 Kc5 30. Ke3 Kc4 31. Kd2 b4 32. cxb4 Kxb4 33.
Bc2 Kc5 34. e5 Nf7 35. f6 gxf6 36. exf6 Kd5 37. Bb3+ 1-0